000 01487nam a2200409 i 4500
001 93274
003 FINmELB
005 20241217172203.0
006 m o d |
007 cr cnu||||||||
008 221027s2021 ck ob 000 0 spa d
020 _a9789585184282
_q(e-book)
035 _a(OCoLC)1351571477
040 _aFINmELB
_bspa
_erda
_cFINmELB
050 1 4 _aHQ21
_bA366 2021
080 _a155.3
082 0 4 _a306.7
_223
100 1 _aAlegría Lozada, Alexánder,
_eautor.
245 1 0 _aDesde el sexo y el exotismo :
_betnografías de un marica biracial en dark rooms /
_cAlexánder Alegría Lozada.
264 1 _aCali :
_bEditorial Universidad Icesi,
_c2021.
300 _a1 recurso en línea (122 páginas)
336 _atexto
_btxt
_2rdacontent/spa
337 _acomputadora
_bc
_2rdamedia/spa
338 _arecurso en línea
_bcr
_2rdacarrier/spa
504 _aContiene bibliografía.
588 _aDescripción basada en metadatos suministrados por el editor y otras fuentes.
590 _aRecurso electrónico. Santa Fe, Arg.: elibro, 2021. Disponible vía World Wide Web. El acceso puede estar limitado para las bibliotecas afiliadas a elibro.
650 0 _aSex.
650 0 _aGender identity.
650 0 _aEthnology.
650 4 _aSexualidad.
650 4 _aIdentidad de género.
650 4 _aEtnología.
655 4 _aLibros electrónicos.
797 2 _aelibro, Corp.
856 4 0 _uhttps://elibro.net/ereader/politecnicointernacional/213824
999 _c93274
_d93274